00996nam a22002177a 450000500170000000800400001702000150005705000220007210000210009424501740011525000280028926000400031730000430035749000340040050400390043465000360047371100740050994200130058399900170059695201650061320150124131346.0140714t sp||||| |||| 00| 0 esp d a847600175404aBF 1569bM53 19871 aMichelet, Jules 13aLa Bruja: Una Biografía de Mil Años Fundamentadas en las Actas Judiciales de la Inquisición :bUn Estudio de las Supersticiones en la Edad Media /cJules Michelet, aPrimera Edición: 1987 aBarcelona, España :bAkal,c1987. a378 paginas, c17 X 12 centímetros,  aAkal Bolsillo,vNúmero: 176 aIncluye: Bibliografía e Indices  72LembaFilosofía xReligión  1aMichelet, Jules eTraducción: Rosina Lajo, Ma. Victoria Frígola,  2ddccLIB c75125d75125 102lcc4070aLIC-020bLIC-020cGENERALd2014-07-14kEducación y humanidadesl2m2oBF 1569 M53 1987pBFF000007413r2025-02-20 13:59:01s2024-12-17tC: 1yLIB